000 00319nam a22001337a 4500
082 _a346.0860947RUD.
100 _aBernard Rudden.
245 _aSoviet Insurance Law.
260 _aOxford.
_bA.W. Sijthoff-Leyden.
_c1966
300 _a219pg.
_b23cm.
500 _aIncludes index.
700 _aZ. Szirmai.
942 _cBK
999 _c17037
_d17037